| 000 | 00482nam a2200157 4500 | ||
|---|---|---|---|
| 001 | 107629 | ||
| 003 | ES-MaACL | ||
| 005 | 20230906184447.0 | ||
| 007 | t| | ||
| 008 | 061121s1973 sp r ||||1| spa d | ||
| 100 | 1 |
_aMorell Graupera, Damián. _983247 |
|
| 245 | 1 | 0 |
_aHay dinero y salud en la cabolla; Apéndice: El cultivo del puerro / _cDamián Morell Graupera. |
| 260 |
_aBarcelona : _bSintes, _c1973. |
||
| 300 |
_a137 p. : _bil ; _c18. |
||
| 852 |
_aES-MaACL _jC-55382 _bR.88002 |
||
| 999 |
_c107629 _d107629 |
||